| 000 | 00801nam a2200253 4500 | ||
|---|---|---|---|
| 003 | OSt | ||
| 005 | 20260601193528.0 | ||
| 008 | 260421b2006 sp a|||| |||| 00| 0 spa d | ||
| 020 | _a9501227227 | ||
| 020 | _a844931769X | ||
| 040 |
_aICI _bspa _cICI |
||
| 050 |
_aNA2750 _bC43 |
||
| 100 | 1 |
_aChaves, Norberto, _936021 |
|
| 245 | 1 |
_aEl diseño invisible : _bsiete lecciones sobre la intervención culta en el hábitat humano / _cNorberto Chaves |
|
| 264 |
_bPaidos, _c[2006?] _aBuenos Aires ; _aMéxico : |
||
| 300 |
_a133 páginas _c22 cm. |
||
| 336 |
_atexto _2rdacontent |
||
| 337 |
_asin medio _2rdamedia |
||
| 338 |
_avolumen _2rdacarrier |
||
| 490 | 0 |
_aPaidós _pEstudios de comunicación |
|
| 650 |
_aDiseño arquitectónico _936022 |
||
| 650 |
_aAsentamientos humanos _936023 |
||
| 942 |
_2lcc _cB |
||
| 999 |
_c21247 _d21247 |
||